[Event "Erfurt op Seniors 29th"]
[Site "Erfurt"]
[Date "2019.12.28"]
[Round "3"]
[White "Herborth, Manfred"]
[Black "Zoll, Detlef"]
[Result "1/2-1/2"]
[WhiteElo "1795"]
[BlackElo "1926"]
[PlyCount "53"]
[EventDate "2019.12.26"]
[EventType "swiss"]
[EventRounds "5"]
[EventCountry "GER"]
[SourceTitle "CBM 194 Extra"]
[Source "ChessBase"]
[SourceDate "2020.03.31"]
[SourceVersion "1"]
[SourceVersionDate "2020.03.31"]
[SourceQuality "1"]

1. d4 Nf6 2. Bf4 d6 3. Nc3 g6 4. e4 Bg7 5. Qd2 0-0 6. 0-0-0 Nbd7 7. e5 Nh5 8. Bh6 f5 9. Bc4+ Kh8 10. Nf3 Nb6 11. Bb3 d5 12. Qg5 e6 13. Bxg7+ Kxg7 14. Qxd8 Rxd8 15. a4 c6 16. a5 Nd7 17. Ba4 Rb8 18. h3 Kg8 19. Ne2 Ng7 20. Nf4 Nf8 21. h4 h6 22. h5 g5 23. Ng6 Kf7 24. Nh8+ Kg8 25. Ng6 Kf7 26. Nh8+ Kg8 27. Ng6 1/2-1/2

[Event "MVP-ch Seniors op 19th"]
[Site "Ostseebad Binz"]
[Date "2019.11.29"]
[Round "3"]
[White "Mueller, Erich2222"]
[Black "Zoll, Detlef"]
[Result "1/2-1/2"]
[WhiteElo "2123"]
[BlackElo "1926"]
[PlyCount "85"]
[EventDate "2019.11.27"]
[EventType "swiss"]
[EventRounds "9"]
[EventCountry "GER"]
[SourceTitle "EXT 2021"]
[Source "ChessBase"]
[SourceDate "2020.10.23"]
[SourceVersion "1"]
[SourceVersionDate "2020.10.23"]
[SourceQuality "1"]

1. f4 g6 2. Nf3 Bg7 3. e4 d6 4. d4 c5 5. c3 Nd7 6. Be3 Qc7 7. Be2 Ngf6 8. Nbd2 0-0 9. Rc1 e6 10. Nh4 b6 11. 0-0 Bb7 12. Bf3 Rac8 13. g3 cxd4 14. Bxd4 e5 15. Bf2 d5 16. exd5 Bxd5 17. Bxd5 Nxd5 18. f5 N7f6 19. Qe2 Rfe8 20. Ne4 Nxe4 21. Qxe4 Nf6 22. Qe2 Qc4 23. Rfe1 Qg4 24. fxg6 hxg6 25. Ng2 Rcd8 26. Ne3 Qxe2 27. Rxe2 Ne4 28. g4 Bh6 29. Rce1 Rd2 30. Nc4 Rxe2 31. Rxe2 Nxf2 32. Kxf2 Bf4 33. Kf3 f6 34. a4 Rd8 35. h4 Rd3+ 36. Ne3 Kf7 37. Ke4 Rd8 38. Nc2 Bh6 39. Ne3 Ke6 40. Kf3 Bf4 41. Ng2 Bh6 42. Ne3 Bf4 43. Ng2 1/2-1/2

[Event "MVP-ch Seniors op 19th"]
[Site "Ostseebad Binz"]
[Date "2019.11.28"]
[Round "2"]
[White "Zoll, Detlef"]
[Black "Walther, Renate"]
[Result "1-0"]
[WhiteElo "1926"]
[BlackElo "1118"]
[PlyCount "82"]
[EventDate "2019.11.27"]
[EventType "swiss"]
[EventRounds "9"]
[EventCountry "GER"]
[SourceTitle "EXT 2021"]
[Source "ChessBase"]
[SourceDate "2020.10.23"]
[SourceVersion "1"]
[SourceVersionDate "2020.10.23"]
[SourceQuality "1"]

1. d4 c5 2. d5 g6 3. e4 Bg7 4. Nc3 Bxc3+ 5. bxc3 d6 6. Bd3 Nf6 7. c4 a5 8. Ne2 Na6 9. a3 Ng4 10. Ng3 Ne5 11. Be2 Bd7 12. f4 Nxc4 13. Bxc4 b5 14. Be2 c4 15. Qd4 f6 16. f5 Rg8 17. h4 Qc7 18. Be3 0-0-0 19. Bf3 c3 20. Kf2 Rgf8 21. Qb6 Nc5 22. Bxc5 Qxc5+ 23. Qxc5+ dxc5 24. Rhb1 Kc7 25. Ne2 Rb8 26. Nxc3 Kd6 27. g4 g5 28. hxg5 fxg5 29. Ne2 h6 30. Rh1 Rh8 31. Ke3 Ke5 32. Nc1 c4 33. Na2 Be8 34. c3 Bd7 35. Rab1 Kd6 36. Kd4 e5+ 37. fxe6 Be8 38. e5+ Kc7 39. d6+ Kb6 40. Rb2 Bc6 41. Bxc6 Kxc6 1-0

[Event "RLP Seniors op 17th"]
[Site "Neustadt an der Weinstrasse"]
[Date "2019.07.22"]
[Round "3"]
[White "Glaeser, Wilfried"]
[Black "Zoll, Detlef"]
[Result "1-0"]
[WhiteElo "2107"]
[BlackElo "1920"]
[PlyCount "67"]
[EventDate "2019.07.20"]
[EventType "swiss"]
[EventRounds "9"]
[EventCountry "GER"]
[SourceTitle "CBM 192 Extra"]
[Source "Chessbase"]
[SourceDate "2019.11.06"]
[SourceVersion "1"]
[SourceVersionDate "2019.11.06"]
[SourceQuality "1"]

1. e4 e6 2. d3 d5 3. Nd2 Nf6 4. Ngf3 c5 5. g3 Nc6 6. Bg2 Be7 7. 0-0 0-0 8. Re1 b5 9. e5 Nd7 10. Nf1 Qc7 11. Bf4 a5 12. h4 Ba6 13. h5 Rac8 14. Ne3 Qd8 15. Ng4 b4 16. Qd2 c4 17. h6 g6 18. dxc4 Bxc4 19. Bg5 Bxg5 20. Nxg5 Ne7 21. b3 Ba6 22. a3 Nc6 23. Rad1 bxa3 24. c4 Nb4 25. cxd5 Rc2 26. Qe3 Be2 27. Rxe2 Rxe2 28. Qxe2 Qxg5 29. dxe6 Nc5 30. Nf6+ Kh8 31. e7 Ne6 32. exf8Q+ Nxf8 33. Qe3 Qxe3 34. fxe3 1-0